| 000 | 01333nam a22002057a 4500 | ||
|---|---|---|---|
| 999 |
_c355176 _d355176 |
||
| 003 | NUST | ||
| 005 | 20180118174303.0 | ||
| 008 | 180118b xxu||||| |||| 00| 0 eng d | ||
| 020 | _a9781118092484 | ||
| 082 | _a515 ANT | ||
| 100 |
_aAnton, Howard _98661 |
||
| 245 | _aCalculus : late transcendentals | ||
| 250 | _a10th ed. | ||
| 260 |
_aNew York _bJohn Wiley _c2013 |
||
| 650 |
_aCalculus _956 |
||
| 700 |
_aHoward Anton _98931 |
||
| 942 |
_cBK _2ddc _e10th |
||